<?xml version="1.0" encoding="UTF-8"?>
<record
    xmlns:xsi="http://www.w3.org/2001/XMLSchema-instance"
    xsi:schemaLocation="http://www.loc.gov/MARC21/slim http://www.loc.gov/standards/marcxml/schema/MARC21slim.xsd"
    xmlns="http://www.loc.gov/MARC21/slim">

  <leader>00615nam a2200169Ia 4500</leader>
  <controlfield tag="008">090711s9999    xx            000 0 und d</controlfield>
  <datafield tag="082" ind1=" " ind2=" ">
    <subfield code="b">2045</subfield>
  </datafield>
  <datafield tag="100" ind1=" " ind2=" ">
    <subfield code="a">&#x92D;&#x91F; &#x935;&#x93F;&#x920;&#x94D;&#x920;&#x932;&#x930;&#x93E;&#x92F;</subfield>
  </datafield>
  <datafield tag="245" ind1=" " ind2=" ">
    <subfield code="a">&#x938;&#x930;&#x938;&#x94D;&#x935;&#x924;&#x940;S&#x94B; &#x926;&#x936;&#x92A;&#x941;&#x924;&#x94D;&#x930;</subfield>
  </datafield>
  <datafield tag="260" ind1=" " ind2=" ">
    <subfield code="b">&#x926;&#x93E;&#x938;&#x94D;&#x924;&#x93E;&#x928;&#x947; &#x930;&#x93E;&#x92E;&#x91A;&#x902;&#x926;&#x94D;&#x930; &#x906;&#x923;&#x93F; &#x915;&#x902;&#x92A;&#x928;&#x940;</subfield>
    <subfield code="c">2001</subfield>
  </datafield>
  <datafield tag="300" ind1=" " ind2=" ">
    <subfield code="a">102</subfield>
  </datafield>
  <datafield tag="600" ind1=" " ind2=" ">
    <subfield code="a">&#x92D;&#x91F; &#x935;&#x93F;&#x920;&#x94D;&#x920;&#x932;&#x930;&#x93E;&#x92F;</subfield>
  </datafield>
  <datafield tag="630" ind1=" " ind2=" ">
    <subfield code="a">&#x938;&#x930;&#x938;&#x94D;&#x935;&#x924;&#x940;S&#x94B; &#x926;&#x936;&#x92A;&#x941;&#x924;&#x94D;&#x930;</subfield>
  </datafield>
  <datafield tag="700" ind1=" " ind2=" ">
    <subfield code="a">&#x92D;&#x91F; &#x935;&#x93F;&#x920;&#x94D;&#x920;&#x932;&#x930;&#x93E;&#x92F;</subfield>
  </datafield>
  <datafield tag="730" ind1=" " ind2=" ">
    <subfield code="a">&#x938;&#x930;&#x938;&#x94D;&#x935;&#x924;&#x940;S&#x94B; &#x926;&#x936;&#x92A;&#x941;&#x924;&#x94D;&#x930;</subfield>
  </datafield>
  <datafield tag="942" ind1=" " ind2=" ">
    <subfield code="c">BOOK</subfield>
  </datafield>
  <datafield tag="999" ind1=" " ind2=" ">
    <subfield code="c">339092</subfield>
    <subfield code="d">339089</subfield>
  </datafield>
  <datafield tag="952" ind1=" " ind2=" ">
    <subfield code="0">0</subfield>
    <subfield code="1">0</subfield>
    <subfield code="4">0</subfield>
    <subfield code="7">0</subfield>
    <subfield code="a">DASAVA</subfield>
    <subfield code="b">DASAVA</subfield>
    <subfield code="d">2001-03-01</subfield>
    <subfield code="g">60.00</subfield>
    <subfield code="l">0</subfield>
    <subfield code="o">2045</subfield>
    <subfield code="p">DASAVA-2045</subfield>
    <subfield code="r">2009-07-12 00:00:00</subfield>
    <subfield code="v">60.00</subfield>
    <subfield code="w">2009-07-12</subfield>
    <subfield code="y">BOOK</subfield>
  </datafield>
</record>
